00573nam a2200217Ia 4500008004100000020001800041050002000059050001400079100001900093245004300112245005000155250001600205260001700221260002400238260000900262300001600271300001100287300001100298500002000309650002600329160517s9999 xx 000 0 und d a0-13-099183-X aComSc QA 76.758 b.G44 2003 aGhezzi, Carlo. aFundamentals of software engineering / cCarlo Ghezzi, Mehdi Jazayeri, Dino Mandrioli. a2nd Edition aNew Jersey : bPearson Educ. Inc., c2003 a604 pages : bill. ; c23 cm. aIncludes index. aSoftware engineering.